Citations cultes dans le football - Statistiques

Statistiques générales
  • Ce quiz a été pris 189 fois
  • Le résultat moyen est 8 sur 15
Statistiques - réponses
Citation Qui ? % Correct
J'espère que la routourne va tourner Franck Ribery
90%
Brésil ou pas, m'en bats les cou****. Ronaldinho, machin chouette, rien à fou*** Claude Makelele
85%
Le football il a changé Kylian Mbappé
82%
I recup the ball, Memphis give me a good pass. After I shoot and I score Nabil Fekir
75%
Il va venir lui faire l'amour sans préliminaires, lui laisser sa carte de visite Omar Da Fonseca
73%
J'ai d'abord rappelé à Guardiola qu'il n'a jamais été un grand joueur Samuel Eto'o
72%
Second poteau.. Pavaaaaaard Grégoire Margotton
69%
Je ne connais pas beaucoup la Ligue 1 mais la Ligue 1 sait qui je suis Zlatan Ibrahimovic
63%
J'ai arrêté les femmes et l'alcool, ça a été les 20 minutes les plus longues de ma vie Georges Best
57%
Après avoir vu ça on peut mourir tranquille ! Enfin le plus tard possible mais on peut ! Thierry Rolland
50%
C'est pas Gijon, c'est pas Valladolid Stephan Guy
20%
Être dans la surface et ne pas pouvoir tirer, c'est comme être en soirée et danser avec sa sœur Diego Maradona
14%
Le football est un sport qui se joue à onze contre onze, et à la fin, c'est l'Allemagne qui gagne Gary Lineker
10%
Un grand qui saute arrive toujours plus haut qu'un petit qui saute Guy Roux
2%
Vas-y mon petit ! Thierry Guilardi
2%
Aucun quiz correspondant
Distribution des résultats
% des personnes avec chaque résultat
Percentile par nombre de réponses
Votre historique - résultats
Vous n’avez pas pris ce quiz